[Event "World Cities"]
[Site "Jakarta "]
[Date "1997.??.??"]
[Round "10"]
[White "Dolmatov, Sergey"]
[Black "Gunawan, Johan"]
[Result "1-0"]
[WhiteElo "2565"]
[BlackElo "2235"]
[PlyCount "122"]
[EventDate "1997.07.08"]
[EventType "swiss"]
[EventRounds "10"]
[EventCountry "INA"]
[SourceTitle "CBM 058 ext"]
[Source "ChessBase"]
[SourceDate "1997.07.29"]
[SourceVersion "1"]
[SourceVersionDate "1997.07.29"]
[SourceQuality "1"]

1. e4 d6 2. d4 g6 3. c3 Bg7 4. Nf3 Nf6 5. Bd3 O-O 6. O-O Nbd7 7. Re1 e5 8. Nbd2
Re8 9. h3 h6 10. Nf1 Nf8 11. Ng3 N6h7 12. Be3 Ne6 13. Bc4 Qf6 14. Qd2 Nf4 15.
Bxf4 Qxf4 16. Qxf4 exf4 17. Nf1 Nf8 18. N1d2 Nd7 19. Bb3 Nb6 20. Re2 a5 21. a4
Be6 22. Bxe6 Rxe6 23. Kf1 Rae8 24. Ree1 g5 25. Ke2 f5 26. Kd3 fxe4+ 27. Rxe4 d5
28. Rxe6 Rxe6 29. b3 Nc8 30. Re1 Rxe1 31. Nxe1 Kf7 32. g4 Nd6 33. b4 b6 34. Nc2
Bf8 35. bxa5 bxa5 36. c4 Ke6 37. Na1 Nb7 38. Nab3 Bb4 39. cxd5+ Kxd5 40. Ne4 c5
41. dxc5 Bxc5 42. f3 Be7 43. Nc3+ Ke5 44. Nd4 Bf8 45. Ndb5 Bb4 46. Ne4 Nd8 47.
Nd4 Kd5 48. Nf6+ Ke5 49. Ne4 Nf7 50. Kc4 Be1 51. Nc2 Bg3 52. Nd4 Be1 53. Nc6+
Ke6 54. Kc5 Ne5 55. Nxe5 Kxe5 56. Kc4 Ke6 57. Nc5+ Kd6 58. Nb3 Kc6 59. Nd4+ Kd6
60. Nf5+ Ke6 61. Nxh6 Bb4 1-0

[Event "RUS-Cup02"]
[Site "Moscow"]
[Date "1998.01.21"]
[Round "1"]
[White "Umanskaya, Irina"]
[Black "Dolmatov, Sergey"]
[Result "0-1"]
[WhiteElo "2325"]
[BlackElo "2570"]
[Annotator "Huzman"]
[PlyCount "66"]
[EventDate "1998.01.21"]
[EventType "swiss"]
[EventRounds "9"]
[EventCountry "RUS"]
[SourceTitle "CBM 063"]
[Source "ChessBase"]
[SourceDate "1998.03.26"]
[SourceVersion "1"]
[SourceVersionDate "1998.03.26"]
[SourceQuality "1"]

1. d4 Nf6 2. c4 g6 3. Nc3 Bg7 4. e4 d6 5. Nf3 O-O 6. Be2 e5 7. O-O Nc6 8. d5
Ne7 9. b4 a5 10. bxa5 c5 11. Nd2 Rxa5 12. a4 (12. Nb3 Ra6 13. a4 Ne8 (13... Nd7
14. a5 (14. Be3 f5 15. f3 f4 16. Bf2 g5 (16... h5 17. Qd3 g5 18. Rfb1 Ng6 19.
Kh1 Rf7 20. a5 Bf8 21. Na4 Rg7 22. Nb6 Nf6 23. Nxc8 Qxc8 24. Bf1 g4 $40 {
0-1 Faybish,N-Le Quang,K/BEL-chT9697 1997 (30)}) 17. g4 (17. a5 Rf7 18. Nb5 Bf8
19. Nxd6 Rxd6 20. Nxc5 Nxc5 21. Bxc5 Rh6 22. Ba3 Rg7 23. Rf2 Ra6 24. c5 Rxa5
25. Qb3 $44 {1-0 Epishin,V-Shaked,T/New York op 1997 (35)}) 17... fxg3 18. hxg3
Ng6 19. Be1 h5 20. Rf2 Nf6 21. Bd2 h4 $132 {Lalic,B-Gonzalez Garcia,J/Benasque
op 1996/0-1 (51)}) 14... f5 15. f3 f4 (15... Kh8 16. Bd2 Ng8 17. Na4 Bh6 18.
Bxh6 Nxh6 19. Qd2 f4 20. Qc3 g5 $11 {Olcayoz,A-Roeder,M/Cappelle op 1995/0-1 
(66)}) 16. g4 Bf6 17. Bd2 h5 18. gxh5 Kf7 19. hxg6+ Nxg6 20. Kh1 Rh8 21. Rg1
Bh4 22. Be1 Nf6 23. Bf1 Nh5 $40 {2:05-1:59 0-1 Gonzales,J-Gonzalez Garcia,J/
Capablanca mem-C 1993 (43)}) 14. a5 f5 15. Bd2 Nf6 16. f3 Kh8 17. Qc2 Rf7 18.
Na4 Nd7 19. Bd3 f4 20. Nb6 Nxb6 21. axb6 Qxb6 22. Rxa6 bxa6 23. Na5 $44 {
1-0 Raupp,T-Alber,H/GER-ch qual 1992 (34)}) 12... Ra6 13. Bb2 Nd7 14. Nb5 f5
15. exf5 (15. f3 Bh6 $5 $36) 15... gxf5 16. f4 Ng6 17. fxe5 Ndxe5 $15 {[%cal
Yf5f4]} 18. Qb3 (18. Qc2 Qg5 19. Nc7 Rb6 $1 $36 {[%cal Yb6b2,Yg7b2]}) 18... f4
19. Nf3 (19. Rae1 Bf5) 19... Bf5 20. Bc3 Qd7 $17 {[%cal Ya6a8,Ya8e8,Ye5g4,
Yg4e3]} 21. Rfe1 $2 {[%csl Rg1]} (21. Rae1 $142 Raa8 $17 {[%cal Ya8e8,Ye5g4]})
21... Raa8 22. a5 Nxf3+ 23. Bxf3 Ne5 {[%cal Ye5f3,Ye5d3]} 24. Ra2 (24. Be4 Bxe4
25. Rxe4 f3 $40) (24. Be2 Rae8) 24... Rae8 25. a6 $6 bxa6 26. Rxa6 Nxf3+ 27.
gxf3 Rxe1+ 28. Bxe1 Qe7 29. Qd1 Rf6 $1 $19 {[%cal Yf6g6,Ye7g5,Yf5h3]} 30. Ra8+
Bf8 31. Ra2 (31. Kh1 Rg6 $19 {[%cal Yf5h3]}) 31... Bh3 32. Qe2 (32. Kh1 Rg6 $19
{[%cal Ye7g5]}) 32... Rg6+ 33. Kh1 Bg2+ 0-1

[Event "RUS-Cup02"]
[Site "Moscow"]
[Date "1998.??.??"]
[Round "3"]
[White "Vokarev, Sergey"]
[Black "Dolmatov, Sergey"]
[Result "1/2-1/2"]
[WhiteElo "2485"]
[BlackElo "2570"]
[PlyCount "24"]
[EventDate "1998.01.21"]
[EventType "swiss"]
[EventRounds "9"]
[EventCountry "RUS"]
[SourceTitle "CBM 063"]
[Source "ChessBase"]
[SourceDate "1998.03.26"]
[SourceVersion "1"]
[SourceVersionDate "1998.03.26"]
[SourceQuality "1"]

1. e4 e6 2. d4 d5 3. Nd2 c5 4. exd5 exd5 5. Ngf3 Nf6 6. Bb5+ Bd7 7. Bxd7+ Nbxd7
8. O-O Be7 9. dxc5 Nxc5 10. Nd4 Qd7 11. N2f3 O-O 12. Bf4 Rfe8 1/2-1/2

[Event "RUS-Cup02"]
[Site "Moscow"]
[Date "1998.??.??"]
[Round "4"]
[White "Dolmatov, Sergey"]
[Black "Shariyazdanov, Andrey"]
[Result "1/2-1/2"]
[WhiteElo "2570"]
[BlackElo "2495"]
[PlyCount "122"]
[EventDate "1998.01.21"]
[EventType "swiss"]
[EventRounds "9"]
[EventCountry "RUS"]
[SourceTitle "CBM 063"]
[Source "ChessBase"]
[SourceDate "1998.03.26"]
[SourceVersion "1"]
[SourceVersionDate "1998.03.26"]
[SourceQuality "1"]

1. e4 c5 2. Nf3 Nc6 3. d4 cxd4 4. Nxd4 Nf6 5. Nc3 e5 6. Ndb5 d6 7. Bg5 a6 8.
Na3 b5 9. Bxf6 gxf6 10. Nd5 f5 11. Bd3 Be6 12. O-O Bxd5 13. exd5 Ne7 14. c3 Bg7
15. Qh5 e4 16. Bc2 Qc8 17. Rad1 Qc5 18. Bb1 b4 19. cxb4 Qxb4 20. Nc2 Qxb2 21.
Ne3 Qf6 22. f3 Bh6 23. Rfe1 Bxe3+ 24. Rxe3 Ng6 25. fxe4 f4 26. Rb3 Ne5 27. Qf5
Qxf5 28. exf5 Ke7 29. Rd4 f3 30. gxf3 Rab8 31. Be4 Rxb3 32. axb3 a5 33. Ra4 Rb8
34. Rxa5 Rxb3 35. Kf2 h6 36. Kg3 Nc4 37. Ra8 Nd2 38. Kf4 Nxe4 39. fxe4 Rh3 40.
e5 dxe5+ 41. Kxe5 Re3+ 42. Kf4 Rh3 43. Ra6 Rxh2 44. d6+ Kf6 45. d7+ Ke7 46. Rd6
Kd8 47. Ke5 h5 48. Kf6 Rf2 49. Rd4 Rh2 50. Kxf7 h4 51. Ke6 Re2+ 52. Kd6 h3 53.
Rh4 Rd2+ 54. Ke6 Re2+ 55. Kf6 h2 56. Rh7 Rg2 57. Ke5 Re2+ 58. Kf4 Rf2+ 59. Kg4
Kc7 60. Kg5 Rg2+ 61. Kf4 Rf2+ 1/2-1/2

[Event "RUS-Cup02"]
[Site "Moscow"]
[Date "1998.01.25"]
[Round "5"]
[White "Nikolenko, Oleg"]
[Black "Dolmatov, Sergey"]
[Result "1/2-1/2"]
[WhiteElo "2495"]
[BlackElo "2570"]
[PlyCount "82"]
[EventDate "1998.01.21"]
[EventType "swiss"]
[EventRounds "9"]
[EventCountry "RUS"]
[SourceTitle "CBM 063"]
[Source "ChessBase"]
[SourceDate "1998.03.26"]
[SourceVersion "1"]
[SourceVersionDate "1998.03.26"]
[SourceQuality "1"]

1. e4 e6 2. d4 d5 3. Nd2 c5 4. exd5 exd5 5. Bb5+ Bd7 6. Qe2+ Be7 7. dxc5 Nf6 8.
Nb3 O-O 9. Be3 Re8 10. Nf3 a6 11. Bd3 Ba4 12. Nfd4 Bxb3 13. Nxb3 Nbd7 14. O-O
Nxc5 15. Qf3 Nxd3 16. cxd3 Qd7 17. h3 a5 18. Nd4 Bc5 19. Nf5 Bxe3 20. fxe3 Re6
21. Rac1 Rc8 22. Qg3 Ne8 23. Rxc8 Qxc8 24. Qf4 Qd7 25. Qd4 Qc6 26. b3 h6 27.
Qb2 Qd7 28. Qc3 b6 29. Rf3 Kh7 30. Qd4 Qc6 31. g4 Qc5 32. Qb2 Qc7 33. Kg2 Rc6
34. Rf2 Re6 35. Qd4 Qc6 36. h4 Qc5 37. Qf4 Qc3 38. Nd4 Rf6 39. Qe5 Qc8 40. Nf5
Rg6 41. Kf3 Qc1 1/2-1/2

[Event "RUS-Cup02"]
[Site "Moscow"]
[Date "1998.??.??"]
[Round "7"]
[White "Zhelnin, Vladimir"]
[Black "Dolmatov, Sergey"]
[Result "1/2-1/2"]
[WhiteElo "2490"]
[BlackElo "2570"]
[PlyCount "20"]
[EventDate "1998.01.21"]
[EventType "swiss"]
[EventRounds "9"]
[EventCountry "RUS"]
[SourceTitle "EXT 1999"]
[Source "ChessBase"]
[SourceDate "1998.11.10"]
[SourceVersion "1"]
[SourceVersionDate "1998.11.10"]
[SourceQuality "1"]

1. e4 e6 2. d4 d5 3. Nc3 Nf6 4. Bg5 dxe4 5. Nxe4 Be7 6. Bxf6 Bxf6 7. Nf3 O-O 8.
c3 Nd7 9. Qc2 e5 10. O-O-O exd4 1/2-1/2

[Event "RUS-ch51"]
[Site "St Petersburg"]
[Date "1998.07.28"]
[Round "1"]
[White "Kobalia, Mikhail"]
[Black "Dolmatov, Sergey"]
[Result "1/2-1/2"]
[WhiteElo "2505"]
[BlackElo "2575"]
[PlyCount "122"]
[EventDate "1998.07.28"]
[EventType "swiss"]
[EventRounds "11"]
[EventCountry "RUS"]
[SourceTitle "CBM 067"]
[Source "ChessBase"]
[SourceDate "1998.11.30"]
[SourceVersion "2"]
[SourceVersionDate "1998.11.01"]
[SourceQuality "1"]

1. e4 e6 2. d4 d5 3. Nd2 c5 4. exd5 exd5 5. Ngf3 Nf6 6. Bb5+ Bd7 7. Bxd7+ Nbxd7
8. O-O Be7 9. dxc5 Nxc5 10. Re1 O-O 11. Nf1 Qc7 12. Be3 Rad8 13. c3 Rfe8 14.
Qc2 Nce4 15. Bd4 Bd6 16. Ne3 Bf4 17. g3 Bxe3 18. Rxe3 Re6 19. Rae1 Rde8 20.
R3e2 a6 21. Kg2 h6 22. Ng1 Nd7 23. Nh3 Nef6 24. Nf4 Rxe2 25. Rxe2 Rxe2 26. Qxe2
Qd6 27. f3 Kf8 28. Qe3 Qe7 29. Kf2 Qd6 30. Nd3 Kg8 31. Qf4 Qc6 32. b3 Ne8 33.
Qf5 Qe6 34. Qxe6 fxe6 35. Ne5 Nef6 36. Ke3 Nxe5 37. Bxe5 Nd7 38. Kd4 h5 39. g4
g6 40. Bc7 Kf7 41. Bd8 Ke8 42. Bh4 Kf7 43. h3 Kg7 44. Bg5 Kf7 45. a4 Kg7 46. a5
Kf7 47. b4 Kg7 48. Bh4 Kh6 49. f4 hxg4 50. hxg4 Kg7 51. Bd8 Kf8 52. Bh4 Kf7 53.
f5 gxf5 54. gxf5 b6 55. Bd8 bxa5 56. bxa5 exf5 57. Kxd5 Nf6+ 58. Kc6 f4 59. c4
f3 60. Bb6 Ne4 61. Bg1 Nd2 1/2-1/2

[Event "RUS-ch51"]
[Site "St Petersburg"]
[Date "1998.08.07"]
[Round "11"]
[White "Epishin, Vladimir"]
[Black "Dolmatov, Sergey"]
[Result "1/2-1/2"]
[WhiteElo "2585"]
[BlackElo "2575"]
[PlyCount "39"]
[EventDate "1998.07.28"]
[EventType "swiss"]
[EventRounds "11"]
[EventCountry "RUS"]
[SourceTitle "CBM 067"]
[Source "ChessBase"]
[SourceDate "1998.11.30"]
[SourceVersion "2"]
[SourceVersionDate "1998.11.01"]
[SourceQuality "1"]

1. d4 e6 2. c4 f5 3. e3 Nf6 4. Nc3 Bb4 5. Nge2 O-O 6. g3 Be7 7. Bg2 d5 8. O-O
c6 9. Qc2 Bd6 10. a3 Ne4 11. f3 Nxc3 12. bxc3 Nd7 13. a4 b6 14. e4 Ba6 15. e5
Bc7 16. cxd5 cxd5 17. Ba3 Rf7 18. Rfb1 Qe8 19. Nf4 Rc8 20. Bf1 1/2-1/2

[Event "Goodricke op 10th"]
[Site "Kolkata"]
[Date "1999.02.06"]
[Round "1"]
[White "Mithrakanth, Poorna Sharma"]
[Black "Dolmatov, Sergey"]
[Result "0-1"]
[WhiteElo "2375"]
[BlackElo "2585"]
[PlyCount "48"]
[EventDate "1999.02.06"]
[EventType "swiss"]
[EventRounds "11"]
[EventCountry "IND"]
[SourceTitle "CBM 069 ext"]
[Source "ChessBase"]
[SourceDate "1999.05.10"]
[SourceVersion "1"]
[SourceVersionDate "1999.05.10"]
[SourceQuality "1"]

1. e4 e6 2. d4 d5 3. Nd2 c5 4. Ngf3 Nc6 5. Bb5 cxd4 6. Nxd4 Bd7 7. Bxc6 bxc6 8.
c4 Bd6 9. Qe2 Ne7 10. e5 Bc7 11. O-O O-O 12. c5 Ng6 13. N2f3 f6 14. exf6 Qxf6
15. Bg5 Qf7 16. Qa6 Rac8 17. Bd2 Bb8 18. Rae1 e5 19. Nb3 Bg4 20. Ng5 Qf6 21.
Qa4 Bf5 22. f3 h6 23. Ne4 dxe4 24. fxe4 Qh4 0-1

[Event "Goodricke op 10th"]
[Site "Kolkata"]
[Date "1999.02.07"]
[Round "2"]
[White "Dolmatov, Sergey"]
[Black "Deshmukh, Anup"]
[Result "1-0"]
[WhiteElo "2585"]
[BlackElo "2430"]
[PlyCount "39"]
[EventDate "1999.02.06"]
[EventType "swiss"]
[EventRounds "11"]
[EventCountry "IND"]
[SourceTitle "CBM 069 ext"]
[Source "ChessBase"]
[SourceDate "1999.05.10"]
[SourceVersion "1"]
[SourceVersionDate "1999.05.10"]
[SourceQuality "1"]

1. e4 e5 2. Nf3 Nc6 3. Bb5 a6 4. Ba4 Nf6 5. O-O Be7 6. Re1 b5 7. Bb3 O-O 8. c3
d5 9. exd5 Nxd5 10. Nxe5 Nxe5 11. Rxe5 c6 12. Bxd5 cxd5 13. d4 Bd6 14. Re3 Qh4
15. h3 a5 16. Nd2 Ra6 17. Nf3 Qh5 18. Qe2 Bf4 19. Re8 Bxc1 20. Qe7 1-0

[Event "Goodricke op 10th"]
[Site "Kolkata"]
[Date "1999.02.08"]
[Round "3"]
[White "Slobodjan, Roman"]
[Black "Dolmatov, Sergey"]
[Result "1/2-1/2"]
[WhiteElo "2535"]
[BlackElo "2585"]
[PlyCount "27"]
[EventDate "1999.02.06"]
[EventType "swiss"]
[EventRounds "11"]
[EventCountry "IND"]
[SourceTitle "CBM 069 ext"]
[Source "ChessBase"]
[SourceDate "1999.05.10"]
[SourceVersion "1"]
[SourceVersionDate "1999.05.10"]
[SourceQuality "1"]

1. Nf3 Nf6 2. g3 g6 3. Bg2 Bg7 4. O-O O-O 5. d4 d5 6. c4 c6 7. cxd5 cxd5 8. Ne5
e6 9. Nc3 Nfd7 10. Nxd7 Bxd7 11. b3 Qa5 12. Bb2 Nc6 13. e3 Rfc8 14. Qd2 1/2-1/2

[Event "Goodricke op 10th"]
[Site "Kolkata"]
[Date "1999.02.14"]
[Round "9"]
[White "Rogozenco, Dorian"]
[Black "Dolmatov, Sergey"]
[Result "1/2-1/2"]
[WhiteElo "2555"]
[BlackElo "2585"]
[PlyCount "24"]
[EventDate "1999.02.06"]
[EventType "swiss"]
[EventRounds "11"]
[EventCountry "IND"]
[SourceTitle "CBM 069 ext"]
[Source "ChessBase"]
[SourceDate "1999.05.10"]
[SourceVersion "1"]
[SourceVersionDate "1999.05.10"]
[SourceQuality "1"]

1. d4 Nf6 2. c4 g6 3. Nc3 Bg7 4. e4 d6 5. Be2 O-O 6. Bg5 Na6 7. h4 e5 8. d5 c6
9. h5 h6 10. Be3 cxd5 11. cxd5 Nc5 12. Qc2 Qa5 1/2-1/2

[Event "Goodricke op 10th"]
[Site "Kolkata"]
[Date "1999.02.15"]
[Round "10"]
[White "Dolmatov, Sergey"]
[Black "Sorokin, Maxim"]
[Result "1/2-1/2"]
[WhiteElo "2585"]
[BlackElo "2550"]
[PlyCount "25"]
[EventDate "1999.02.06"]
[EventType "swiss"]
[EventRounds "11"]
[EventCountry "IND"]
[SourceTitle "CBM 069 ext"]
[Source "ChessBase"]
[SourceDate "1999.05.10"]
[SourceVersion "1"]
[SourceVersionDate "1999.05.10"]
[SourceQuality "1"]

1. e4 e5 2. Nf3 Nc6 3. Bb5 a6 4. Ba4 Nf6 5. O-O Be7 6. Re1 b5 7. Bb3 d6 8. c3
O-O 9. h3 Bb7 10. d4 Re8 11. Nbd2 Bf8 12. d5 Nb8 13. Nf1 1/2-1/2

[Event "Novgorod op"]
[Site "Novgorod"]
[Date "1999.03.27"]
[Round "9"]
[White "Yemelin, Vasily"]
[Black "Dolmatov, Sergey"]
[Result "1/2-1/2"]
[WhiteElo "2550"]
[BlackElo "2589"]
[PlyCount "40"]
[EventDate "1999.03.19"]
[EventType "swiss"]
[EventRounds "10"]
[EventCountry "RUS"]
[SourceTitle "CBM 069 ext"]
[Source "ChessBase"]
[SourceDate "1999.05.10"]
[SourceVersion "1"]
[SourceVersionDate "1999.05.10"]
[SourceQuality "1"]

1. e4 e6 2. d4 d5 3. Nd2 c5 4. Ngf3 Nf6 5. exd5 exd5 6. Bb5+ Bd7 7. Bxd7+ Nbxd7
8. O-O Be7 9. dxc5 Nxc5 10. Re1 O-O 11. Nf1 Re8 12. Be3 a5 13. Nd4 Qd7 14. Qf3
Nce4 15. Nf5 Bf8 16. Bd4 Re6 17. Qd1 Rae8 18. N5e3 Bc5 19. c3 Qb5 20. Bxc5 Qxc5
1/2-1/2

[Event "FIDE-Wch k.o. g/25+10"]
[Site "Las Vegas"]
[Date "1999.08.02"]
[Round "1.3"]
[White "Dolmatov, Sergey"]
[Black "Kotsur, Pavel"]
[Result "1-0"]
[WhiteElo "2600"]
[BlackElo "2548"]
[Annotator "Lukacs"]
[PlyCount "81"]
[EventDate "1999.07.31"]
[EventType "k.o. (rapid)"]
[EventRounds "6"]
[EventCountry "USA"]
[SourceTitle "CBM 072"]
[Source "ChessBase"]
[SourceDate "1999.10.01"]
[SourceVersion "1"]
[SourceVersionDate "1999.10.01"]
[SourceQuality "1"]

1. e4 g6 2. d4 Bg7 3. Nc3 c6 4. f4 d5 5. e5 h5 6. Nf3 Nh6 7. Be3 Bg4 8. Be2 Nd7
9. Qd2 (9. Ng5 $6 {is met by} e6 {and Black is happy to echange the
light-squared bishops.}) (9. Bf2 {is a prophylactical move against Nf5.} e6 (
9... Nf8 $2 {is usually a bad plan, the N on e6 is not particularly good, and
the connection between the << and >> is not very efficient.} 10. h3 Bxf3 11.
Bxf3 Qd7 12. Qd2 O-O-O 13. O-O-O Ne6 14. Ne2 Kb8 15. Qd3 Rdg8 16. Kb1 $16 {
with a huge space advantage for White, Kindermann-Bastian, BL-chT 1989.})) 9...
Nf5 (9... Nf8 $6 {is again worse because of} 10. Bf2 Nf5 11. g3 {/\ h3} Ne6 12.
h3 Bxf3 13. Bxf3 $16 {and the e7 P blocks the connection between the flanks.})
10. Bf2 Qa5 $6 (10... Qb6 {Quillan-Norwood, Prestwich 1990 CBM 18}) (10... e6
$142 {is the natural move opening the /^ a3-f8 for the B.} 11. g3 Bf8 $1 (11...
Nb6 12. b3 {Now the N on b6 is out of play.} Bf8 13. h3 Bxf3 14. Bxf3 Bb4 15.
a3 Be7 16. O-O Nd7 17. Ne2 {White wants to open a new front on the << with c4.}
Qb6 18. Kg2 O-O-O 19. c4 $14 {and Black has good attacking chances also on the
<<, Radulov-Garcia Gonzales, Leningrad 1977.}) 12. h3 Bxf3 13. Bxf3 h4 $5 {
This is an original idea.} (13... a5 $6 {This helps only for White.} 14. Kf1 a4
{Finally White will make profit from the opening of the a <->, because the
black rooks cannot be connected easily.} 15. Kg2 {This is the typical method
preserving the R on h1 in order to open up the h <-> after g4.} Nb6 16. b3 {
and the N is misplaced.} Bb4 17. Qd3 Kd7 18. Ne2 axb3 19. axb3 Rxa1 20. Rxa1
Qc7 21. c4 $16 {Marjanovic-Ciocaltea, Istambul 1980}) (13... b5 $6 {This is
good only if the white K is already on the <<.} 14. Kf1 $1 {The same method
again!} Qa5 15. Kg2 {There is no defence against g3-g4 and Black's blockade on
the >> will collapse soon.} Nb6 16. g4 Nc4 17. Qe1 hxg4 18. hxg4 Rxh1 19. Kxh1
Ng7 {The N is awful on g7.} 20. a4 b4 21. Nd1 $16 {Marjanovic-Trois, Zemun 1983
}) (13... c5 {This is the normal plan to attack the [+] in the Gurgenidze
Variation.} 14. Ne2 (14. dxc5 {solves Black's problem of development.} Bxc5 15.
O-O-O Bxf2 16. Qxf2 Qb6 17. Qxb6 Nxb6 18. g4 Nh4 19. Be2 a6 $11 {and the _|_
is not dangerous for Black, Goldberg-Muse, BL-chT 1990.}) 14... Qb6 15. O-O-O
cxd4 16. Nxd4 Nxd4 17. Bxd4 Bc5 $11 {with mass exchanges on d4,
Mannion-Andreasen, Gistrup 1990.}) (13... Bb4 14. Kf1 {The K is heading to g2
anyway.} (14. a3 {is strongly met by} Qa5 15. g4 (15. O-O-O $6 {is
anti-positional because of} Bxc3 16. Qxc3 Qxc3 17. bxc3 Nb6 {blockading
White's weak pawns.}) 15... hxg4 16. hxg4 Rxh1+ 17. Bxh1 Ne7 18. Bh4 Nb6 $132 {
Pasman-Ciocaltea, Beersheva 1982}) 14... Qa5 15. Kg2 Nb6 $132 {/\ Nc4}) 14. g4
Ng3 {This is connected to a positional P sacrifice in order to get rid of
White's B, after which c5 becomes more powerful.} 15. Rg1 Qb6 (15... a6 16.
O-O-O c5 17. dxc5 Bxc5 18. Bxc5 Nxc5 19. Ne2 $14) 16. O-O-O Qa6 17. Qd3 (17.
Kb1 Nb6) 17... Qxd3 18. Rxd3 c5 19. Nb5 c4 20. Rdd1 Rc8 21. Bxg3 hxg3 22. Rxg3
a6 23. Nc3 b5 24. Rh1 Rh4 $44 {with a strong blockade on the >>, and
counterplay on the <<, Arnason-Christiansen, Reykjavik op 1986.}) 11. g3 Nb6 $6
({Still} 11... e6 {/\ Bf8 was required.}) 12. b3 {If White can kill the N like
that, then Black's idea is not sound.} e6 13. h3 Bxf3 14. Bxf3 Bf8 15. Ne2 {
Even after exchanging the queens, Black cannot breath more freely.} (15. a3 $4
{is met anyway by} Bb4 16. axb4 Qxa1+ 17. Nd1 (17. Ke2 Qa6+) 17... a5 $19)
15... Qxd2+ ({Avoiding the exchange of queens} 15... Qa3 {works only for White
after} 16. Kf1 $1 $16 {/\ Kg2,g4}) 16. Kxd2 Be7 17. g4 $1 $16 Ng7 {This is a
sad retreat, but other alternatives were not better:} (17... Nh4 $6 18. Bxh4
Bxh4 19. gxh5 ({White cannot catch the B after} 19. g5 $6 Nc8 20. Rh2 Ne7 21.
Rg2 Nf5 22. Rag1 Rc8 23. c3 c5) 19... gxh5 20. Rhg1 $16 {/\ f5,Nf4}) (17...
hxg4 $2 {opens up the h <-> for White.} 18. hxg4 Rxh1 (18... Nh4 $2 19. Rh3 $1
$18 {/\ Rdh1}) 19. Rxh1 Ng7 20. Rh8+ Bf8 21. Bh4 Kd7 22. Bf6 $18 {/\ Rg8!}) 18.
Ng3 O-O-O ({It was better to avoid the opening of the position:} 18... h4 $142
19. Nf1 $16) 19. gxh5 $1 gxh5 20. Rag1 Nd7 21. Be2 {/\ Bd3} Nf8 (21... c5 22.
Bd3 $1 {This is the nice place for the B.} (22. c3 cxd4 23. cxd4 Nb8 $1 24.
Rc1+ (24. Bd3 Nc6 25. f5 h4) 24... Nc6 25. Bb5 Kd7) 22... cxd4 23. Bxd4 Nc5 (
23... Bc5 24. c3) 24. Ne2 $1 Nf5 (24... Nxd3 $2 25. Rxg7) 25. Bxf5 exf5 26. Rg7
Rdf8 27. Bxc5 Bxc5 28. Ng3 {and the material losses are inevitable.}) 22. Bd3 {
/\ f5} f5 (22... Ng6 23. f5 $18) 23. Nf1 $1 {the N is heading for g5!} Rh7 24.
Nh2 $1 Kd7 25. Nf3 Ke8 26. Rg2 {First White will double his rooks on the g <->.
} Kf7 27. Rhg1 Nd7 28. Ng5+ {forces to give up the good defender B.} Bxg5 29.
Rxg5 {Now White has the g <->, ^^ and space advantage.} Rdh8 30. c4 Ne8 $2 {
Now White can penetrate on the c <->.} (30... Rc8 $142) 31. cxd5 cxd5 32. Rc1
$18 Nb6 33. Bh4 {This is the important /^ for the B.} Rg8 34. a4 {/\ a5} Rxg5
35. Bxg5 Kf8 (35... a5 36. Bd8 $18) 36. a5 {Now the penetration is inevitable.}
Na8 (36... Nd7 37. Rc8) 37. Rc8 Nac7 38. Rb8 Na6 39. Ra8 Nb4 40. Bb5 Nc6 41. a6
1-0

[Event "World Cities-ch 2nd"]
[Site "Shenyang"]
[Date "1999.10.06"]
[Round "5"]
[White "Yu Shaoteng"]
[Black "Dolmatov, Sergey"]
[Result "1/2-1/2"]
[WhiteElo "2435"]
[BlackElo "2600"]
[PlyCount "42"]
[EventDate "1999.10.02"]
[EventType "team"]
[EventRounds "9"]
[EventCountry "CHN"]
[SourceTitle "EXT 2000"]
[Source "ChessBase"]
[SourceDate "1999.11.16"]
[SourceVersion "1"]
[SourceVersionDate "1999.11.16"]
[SourceQuality "1"]

1. e4 e6 2. d4 d5 3. Nd2 c5 4. exd5 exd5 5. Ngf3 Nf6 6. Bb5+ Bd7 7. Bxd7+ Nbxd7
8. O-O Be7 9. dxc5 Nxc5 10. Nb3 Nce4 11. Nbd4 Qc8 12. c3 O-O 13. h3 Re8 14. Be3
a6 15. Qa4 h6 16. Rfe1 Bc5 17. Re2 b5 18. Qc2 Qd7 19. a4 b4 20. cxb4 Bxb4 21.
Qc6 Rec8 1/2-1/2

[Event "World Cities-ch 2nd"]
[Site "Shenyang"]
[Date "1999.10.07"]
[Round "6"]
[White "Kotsur, Pavel"]
[Black "Dolmatov, Sergey"]
[Result "1/2-1/2"]
[WhiteElo "2548"]
[BlackElo "2600"]
[PlyCount "23"]
[EventDate "1999.10.02"]
[EventType "team"]
[EventRounds "9"]
[EventCountry "CHN"]
[SourceTitle "EXT 2000"]
[Source "ChessBase"]
[SourceDate "1999.11.16"]
[SourceVersion "1"]
[SourceVersionDate "1999.11.16"]
[SourceQuality "1"]

1. e4 e6 2. d4 d5 3. Nd2 c5 4. Ngf3 Nf6 5. exd5 exd5 6. Bb5+ Bd7 7. Bxd7+ Nbxd7
8. O-O Be7 9. dxc5 Nxc5 10. Re1 O-O 11. Nf1 Qc7 12. Be3 1/2-1/2